Modelo en acero inoxidable de turbina banki

Kaydedildi:
Detaylı Bibliyografya
Yazar: Arguedas Quesada, Roberto
Materyal Türü: Bilinmiyor
Baskı/Yayın Bilgisi: [San José, Costa Rica] 1985
Konular:
Etiketler: Etiketle
Etiket eklenmemiş, İlk siz ekleyin!

MARC

LEADER 00000 a2200000 4500
003 011262
005 20221231143812.0
008 140114s1985 c a m 000 ||s d
040 |c cru CEDI 
090 |a TFG 318 
100 |a Arguedas Quesada, Roberto  |9 17752 
245 |a Modelo en acero inoxidable de turbina banki 
260 |c 1985  |a [San José, Costa Rica] 
300 |a iii, 64 hojas  
500 |a Proyecto de Graduación IM-410.--Universidad de Costa Rica. Facultad de Ingeniería. Escuela de Ingeniería Mecánica 
650 |x TURBINAS  |9 17753 
942 |c TFG 
999 |c 12220  |d 12220